El gran partido /

Empezar una escuela nueva siempre es difícil. Empezar y que en el primer recreo te manden al arco y no puedas atajar ni una, más que difícil es una catástrofe. Por suerte, tenés talento para revertir esa situación. ¡De vos depende el resultado del gran partido!

Guardado en:
Autor Principal: Chamorro, Verónica.
Otros Autores: Serrano, Esteban ; il.
Formato: Libro
Idioma:Undetermined
Publicado: Buenos Aires : Edelvives, 2019.
Edición:1a ed. 1a reimp.
Series:Ala Delta. Azul: Lectores autónomos ; 37
Materias:
Etiquetas: Agregar Etiqueta
Sin Etiquetas, Sea el primero en etiquetar este registro!
LEADER 01043nam a22002415a 4500
001 CEM.cems020748
008 231212s2019####ag############000#0#und#d
005 20231212181733.0
245 1 0 |a El gran partido /  |c Verónica Chamorro ; ilustrado por Esteban Serrano. 
250 |a 1a ed. 1a reimp. 
260 |a Buenos Aires :  |b Edelvives,  |c 2019. 
300 |a 108 p. 
490 1 |a Ala Delta. Azul: Lectores autónomos ;  |v 37 
520 |a Empezar una escuela nueva siempre es difícil. Empezar y que en el primer recreo te manden al arco y no puedas atajar ni una, más que difícil es una catástrofe. Por suerte, tenés talento para revertir esa situación. ¡De vos depende el resultado del gran partido! 
020 |a 9789876426169 
100 1 |a Chamorro, Verónica. 
700 1 |a Serrano, Esteban ; il. 
653 |a Novela juvenil 
653 |a Literatura argentina 
653 |a Novela argentina 
653 |a Literatura juvenil 
653 |a Literatura infantil y juvenil 
859 |a CEMS  |b BIB. CEMS - Inicial y Primaria  |h A863.4  |i C357  |k IP  |p 6748  |t Ej.1